Đánh giá hiệu quả mô hình giám sát an toàn vệ sinh thực phẩm dựa vào mạng lưới y tế dự phòng - Chính quyền địa phương và y tế cơ sở tại Biên Hòa
שמור ב:
| מחבר ראשי: | |
|---|---|
| פורמט: | ספר |
| שפה: | Undetermined |
| נושאים: | |
| גישה מקוונת: | http://lrc.tdmu.edu.vn/opac/search/detail.asp?aID=2&ID=26164 |
| תגים: |
הוספת תג
אין תגיות, היה/י הראשונ/ה לתייג את הרשומה!
|
| Thư viện lưu trữ: | Trung tâm Học liệu Trường Đại học Thủ Dầu Một |
|---|
| LEADER | 00786nam a2200145Ia 4500 | ||
|---|---|---|---|
| 001 | TDMU_26164 | ||
| 008 | 210410s9999 xx 000 0 und d | ||
| 082 | |a 595.492 | ||
| 100 | |a Hoàng, Cao Sạ | ||
| 245 | 0 | |a Đánh giá hiệu quả mô hình giám sát an toàn vệ sinh thực phẩm dựa vào mạng lưới y tế dự phòng - Chính quyền địa phương và y tế cơ sở tại Biên Hòa | |
| 245 | 0 | |c Hoàng Cao Sạ | |
| 300 | |a Tr.60-63 | ||
| 650 | |a An toàn vệ sinh thực phẩm; Giám sát; Mạng lưới y tế dự phòng; Biên Hòa; Đánh giá; Y học | ||
| 856 | |u http://lrc.tdmu.edu.vn/opac/search/detail.asp?aID=2&ID=26164 | ||
| 980 | |a Trung tâm Học liệu Trường Đại học Thủ Dầu Một | ||